Statistics for Tallest buildings

Click here to take the quiz!

General Stats

  • This quiz has been taken 4 times
  • The average score is 2 of 15

Answer Stats

HintAnswer% Correct
TallestBurj Khalifa
100%
Former TallestTaipei 101
50%
In MeccaAbraj Al Bait
25%
Tallest in ChinaShanghai Tower
25%
Highest floor in NYCCentral Park Tower
0%
In BeijingChina Zun
0%
In GuangzhouGuangzhou CTF Finance Center
0%
Tallest in Hong KongInternational Commerce Center
0%
Tallest In KoreaLotte World Tower
0%
678.9 MetersMerdeka 118
0%
Tallest in Western HemisphereOne WTC
0%
Tallest in ShenzhenPing An IFC
0%
2nd tallest in ShanghaiShanghai World Financial Center
0%
In TianjinTianjin CTF Finance Center
0%
Completion 2023Wuhan Greenland Center
0%

Score Distribution

Percentile by Number Answered

Percent of People with Each Score

Your Score History

You have not taken this quiz